Curso de Direito Internacional Pb︢lico

Bibliographic Details
Main Author: Borges dos Santos, Julio Cšar
Format: Book
Language:Portuguese
Published: Brasil LEUD 2009
Subjects:
Online Access:Acceso restringido

MARC

LEADER 00000nam a22000007a 4500
005 20160419154250.0
007 cr|||| ||u|
008 160419s2009 bl ||||| |||| 00||0 por d
020 |a 978-85-7456-252-0 
035 |a 14136 
040 |a vLex  
090 |c 6021  |d 6021 
100 1 |a Borges dos Santos, Julio Cšar  
245 1 0 |a Curso de Direito Internacional Pb︢lico  |h [Recurso electrn̤ico] /  |c Julio Cšar Borges dos Santos 
256 |a Servicio en ln̕ea  
260 |a Brasil  |b LEUD  |c 2009 
300 |a 1 recurseo electrn̤ico  
506 1 |a Contenido solo disponible en los productos indicados  |d vLex Global  |d vLex Global (Academic Edition, excluding Law Schools)  |d vLex Global (U.S. Academic Edition, Law Schools)  |d vLex Global (U.S. Academic Edition, excluding Law Schools)  |d vLex Global (Academic Edition, Law Schools) 
650 0 4 |a Derecho internacional  |z Brasil  
740 0 |a vLex libros (servicio en ln̕ea) 
856 4 0 |u http://vlex.com/source/curso-direito-internacional-publico-14136  |z Acceso restringido  
942 |c BOOK 
999 0 |a International Law  |b Brasil